00469nam a2200133Ia 45000010005000000080041000050200022000460820025000681000028000932450149001212600023002709010027002939990015003202886241024s9999 xx 000 0 und d a978-9945-14-108-5 aRD/342.02/T822c/2013 aTribunal Constitucional 0aConstitución de la República Dominicana. Proclamada el 26 de enero de 2010. Publicada en la Gaceta Oficial No.10561, del 26 de enero de 2010 bEd. Corripioc2013 a7/6/2013 11:16:29 a.m. c9613d9613